| 000 | 00000nam##2200000za#4500 |
| 001 | 9.698497 |
| 003 | CaOODSP |
| 005 | 20231102095717 |
| 007 | cr ||||||||||| |
| 008 | 150407|2002||||xxc|||||o f|0| 0 eng|d |
| 040 | |aCaOODSP|beng |
| 043 | |an-cn--- |
| 086 | 1 |aD74-5/2002E-PDF |
| 110 | 2 |aOffice of the National Defence and Canadian Forces Ombudsman. |
| 245 | 10|aFollow-up report - Review of DND/CF actions on operational stress injuries / |h[electronic resource]|c[by] André Marin, Ombudsman. |
| 260 | |aOttawa - Ontario : |bOffice of the National Defence and Canadian Forces Ombudsman |cDecember 2002. |
| 300 | |a115p. |
| 590 | |a13-23-Supp|b2013-10-08 |
| 775 | 08|tRapport de suivi - examen du MDN et des FC relatives aux traumatismes liés au stress opérationnel / |w(CaOODSP)9.642504 |
| 856 | 40|ahttp://publications.gc.ca|qPDF|s474 KB|uhttps://publications.gc.ca/collections/collection_2013/dn-nd/D74-5-2002-eng.pdf |